[Event "IECG C3.2000.0.00136"]
[Site "IECG email"]
[Date "2000.04.17"]
[Round "?"]
[White "Lukov, Andrey"]
[Black "Santos, Adriano"]
[Result "1-0"]
[WhiteElo "1200"]
[BlackElo "1000"]
[PlyCount "69"]
[EventDate "2000.04.17"]
[EventType "tourn (corr)"]
[EventRounds "6"]
[SourceTitle "Corr 2008"]
[Source "ChessBase"]
[SourceDate "2008.06.24"]
[SourceVersion "1"]
[SourceVersionDate "2008.06.24"]
[SourceQuality "1"]

1. c4 e5 2. Nc3 Nf6 3. g3 c6 4. Nf3 d6 5. Bg2 Be7 6. 0-0 0-0 7. e4 Bg4 8. h3 Bxf3 9. Bxf3 Ne8 10. d4 Nd7 11. b3 Qa5 12. Bb2 Nc7 13. dxe5 Nxe5 14. Bg2 Ne6 15. Kh1 Nc5 16. Ne2 b5 17. f4 Ned3 18. Bc3 b4 19. Bd4 Rfe8 20. Rf3 Qa3 21. Rxd3 Nxd3 22. Qxd3 c5 23. Be3 Qb2 24. Rf1 Qxa2 25. f5 Rac8 26. Nf4 Bg5 27. h4 Bxf4 28. Bxf4 d5 29. exd5 Re2 30. Bf3 Rh2+ 31. Kg1 Rb2 32. d6 Rd8 33. Qe4 Rxb3 34. Qe7 Qa5 35. d7 1-0

[Event "IECG C3.2000.0.00136"]
[Site "IECG email"]
[Date "2000.04.17"]
[Round "?"]
[White "Santos, Adriano"]
[Black "Holmberg, Per Arne"]
[Result "0-1"]
[WhiteElo "1000"]
[BlackElo "1100"]
[PlyCount "60"]
[EventDate "2000.04.17"]
[EventType "tourn (corr)"]
[EventRounds "6"]
[SourceTitle "Corr 2008"]
[Source "ChessBase"]
[SourceDate "2008.06.24"]
[SourceVersion "1"]
[SourceVersionDate "2008.06.24"]
[SourceQuality "1"]

1. e4 c5 2. Nf3 Nc6 3. d4 cxd4 4. Nxd4 Nf6 5. Nc3 d6 6. Bg5 Qb6 7. Nb3 Be6 8. Be2 Nd7 9. Be3 Nc5 10. 0-0 Bxb3 11. axb3 e6 12. Bb5 Qc7 13. Qf3 Nd7 14. Rfd1 a6 15. Qg3 Rc8 16. Bxc6 Qxc6 17. Bf4 e5 18. Bg5 h6 19. Qh3 Nc5 20. Rd2 Ne6 21. Be3 Be7 22. Nd5 Bd8 23. Qg4 Bg5 24. Re1 b5 25. Nb4 Qc7 26. Bxg5 hxg5 27. Nd5 Qd8 28. Ra1 a5 29. c3 Nc5 30. Qe2 Rb8 0-1

[Event "IECG C3.2000.0.00136"]
[Site "IECG email"]
[Date "2000.04.17"]
[Round "?"]
[White "Santos, Adriano"]
[Black "Ulbrich, Luis Roberto"]
[Result "0-1"]
[WhiteElo "1000"]
[BlackElo "1197"]
[PlyCount "64"]
[EventDate "2000.04.17"]
[EventType "tourn (corr)"]
[EventRounds "6"]
[SourceTitle "Corr 2008"]
[Source "ChessBase"]
[SourceDate "2008.06.24"]
[SourceVersion "1"]
[SourceVersionDate "2008.06.24"]
[SourceQuality "1"]

1. e4 e6 2. d4 d5 3. Nc3 Bb4 4. e5 c5 5. a3 cxd4 6. axb4 dxc3 7. Nf3 cxb2 8. Bxb2 Bd7 9. Be2 Ne7 10. 0-0 0-0 11. b5 Qc7 12. Ba3 Re8 13. Bd6 Qb6 14. Qd4 Qxd4 15. Nxd4 a5 16. Rfc1 Bc8 17. Bxb8 Rxb8 18. Rxa5 Ng6 19. Nf3 Bd7 20. Ra7 Rec8 21. Bd3 Nf4 22. Bf1 Ng6 23. b6 Rc3 24. Be2 Nf4 25. Bd1 Bb5 26. Raa1 Rbc8 27. Rcb1 Be2 28. Nd4 Bxd1 29. Rxd1 Ng6 30. Ra7 Nxe5 31. Rxb7 Nc4 32. f4 h6 0-1

[Event "IECG C3.2000.0.00136"]
[Site "IECG email"]
[Date "2000.04.17"]
[Round "?"]
[White "Urquiza, Jose Javier"]
[Black "Santos, Adriano"]
[Result "1-0"]
[WhiteElo "800"]
[BlackElo "1000"]
[PlyCount "65"]
[EventDate "2000.04.17"]
[EventType "tourn (corr)"]
[EventRounds "6"]
[SourceTitle "Corr 2008"]
[Source "ChessBase"]
[SourceDate "2008.06.24"]
[SourceVersion "1"]
[SourceVersionDate "2008.06.24"]
[SourceQuality "1"]

1. e4 c5 2. Nf3 Nc6 3. d4 cxd4 4. Nxd4 g6 5. c4 Bg7 6. Be3 Nf6 7. Nc3 Ng4 8. Qxg4 Nxd4 9. Qd1 Ne6 10. Qd2 Qa5 11. Rc1 d6 12. Bd3 0-0 13. 0-0 Nc5 14. Bb1 Bg4 15. Bd4 Bxd4 16. Qxd4 Ne6 17. Qd5 Qb6 18. h3 Nc7 19. Qg5 Be6 20. Qxe7 Rae8 21. Qf6 Bxc4 22. Rfd1 Re6 23. Qd4 Qxd4 24. Rxd4 Ba6 25. a4 Rd8 26. Rcd1 Ne8 27. Ba2 Re5 28. f4 Rc5 29. e5 Rc6 30. Ne4 Kf8 31. Ng5 Rd7 32. Nxh7+ Ke7 33. Re1 1-0